| 000 | 01027nac a22003011u 4500 | ||
|---|---|---|---|
| 008 | 150826t2003 okua frb 001 0 eng d | ||
| 010 | _a 2002154490 | ||
| 020 | _a0878147861 (v. 1) | ||
| 020 | _a9780878147861 (v. 1) | ||
| 020 | _a0878148914 (v. 2) | ||
| 020 | _a9780878148912 (v. 2) | ||
| 040 |
_aEG-ScBUE _beng _cEG-ScBUE |
||
| 082 | 0 | 4 |
_a622.33820947 _bGEL _222 |
| 100 | 1 | _aGelfgat, Yakov A. | |
| 245 | 1 | 0 |
_aAdvanced drilling solutions : _cYakov A. Gelfgat, Mikhail Y. Gelfgat, Yuri S. Lopatin. |
| 260 |
_aTulsa, Oklahoma : _bPennWell Corp., _cc.2003. |
||
| 300 |
_a2 v. : _bill., col. maps ; _c24 cm. |
||
| 500 | _aIncludes index. | ||
| 504 | _aIncludes bibliographical references. | ||
| 590 | _aMenna Elemam | ||
| 650 | 0 |
_aOil well drilling _zRussia (Federation) _2BUEsh |
|
| 650 | 0 |
_aOil well drilling _zFormer Soviet Republics. _2BUEsh |
|
| 651 | _2BUEsh | ||
| 653 |
_bENGPET _cAugust2015 |
||
| 700 | 1 | _aGelfgat, Mikhail Y. | |
| 700 | 1 | _aLopatin, Yuri S. | |
| 942 |
_cBB _k622.33820947 GEL _2ddc |
||
| 999 |
_c8877 _d8877 |
||